[Event "Summer Cup"]
[Site "Wellington Chess Club"]
[Date "2015.04.09"]
[Round "8"]
[White "Rose, Nathan"]
[Black "Lamerton, Troy"]
[Result "0-1"]
[WhiteElo "1469"]
[BlackElo "1731"]

1. e4 d5 2. exd5 Nf6 3. c4 e6 4. dxe6 Bxe6 5. d4 Bb4+ 6. Nc3 Qe7 7. Be3 Ne4 8.
Qc2 Bf5 9. Bd3 Nd7 10. Ne2 O-O 11. O-O Ndf6 12. a3 Bxc3 13. Nxc3 c6 14. f3 Nxc3
15. Bxf5 Qxe3+ 16. Kh1 Ne2 17. Rfe1 Ng3+ 18. hxg3 Qxd4 19. Re7 Rad8 20. Rxb7
Rfe8 21. f4 Re3 22. g4 g6 23. Bxg6 hxg6 24. f5 Kg7 25. fxg6 Rh8+ 26. Kg1 Re2+
0-1

[Event "Summer Cup"]
[Site "Wellington Chess Club"]
[Date "2015.04.09"]
[Round "8"]
[White "Stoeveken, Peter"]
[Black "Theodosiou, Andreas"]
[Result "1-0"]
[WhiteElo "1829"]
[BlackElo "1329"]

1. d4 d5 2. c4 dxc4 3. e4 Nc6 4. d5 Ne5 5. f4 Nd3+ 6. Bxd3 cxd3 7. Qxd3 Qd6 8.
Nc3 c6 9. Nf3 h6 10. e5 Qc7 11. O-O Bg4 12. Be3 e6 13. d6 Qd7 14. b4 f6 15.
Qg6+ Qf7 16. Qxg4 fxe5 17. fxe5 Qf5 18. Qxf5 exf5 19. Nd4 g6 20. Ne6 Kd7 21.
Nxf8+ Rxf8 22. Bxa7 f4 23. Rad1 Rf5 24. Rfe1 f3 25. e6+ Kd8 26. Bb6+ 1-0

[Event "Summer Cup"]
[Site "Wellington Chess Club"]
[Date "2015.04.09"]
[Round "8"]
[White "Stone, Andrew"]
[Black "Sole, Michael"]
[Result "1-0"]
[WhiteElo "2069"]
[BlackElo "1621"]

1. e4 e5 2. Nf3 Nc6 3. Bc4 Nf6 4. d4 exd4 5. O-O d5 6. exd5 Nxd5 7. Ng5 Be7 8.
Nxf7 Kxf7 9. Qf3+ Ke6 10. Nc3 dxc3 11. Re1+ Ne5 12. Bf4 Bf6 13. Bxe5 Bxe5 14.
Rxe5+ Kxe5 15. Re1+ Kd4 16. Bxd5 cxb2 17. Bf7 b1=Q 18. Qe3# 1-0

[Event "Summer Cup"]
[Site "Wellington Chess Club"]
[Date "2015.04.09"]
[Round "8"]
[White "Timergazi, Layla"]
[Black "Aldridge, Alan"]
[Result "1-0"]
[WhiteElo "2074"]
[BlackElo "1966"]

1. e4 e5 2. Nf3 Nc6 3. Bc4 Bc5 4. c3 Nf6 5. d3 d6 6. h3 O-O 7. Bg5 Be6 8. Bb3
h6 9. Bh4 Qe7 10. Bc2 d5 11. Qe2 dxe4 12. dxe4 a6 13. Nbd2 b5 14. g4 Rab8 15.
b4 Bb6 16. g5 hxg5 17. Bxg5 a5 18. a3 axb4 19. axb4 Nd8 20. Nxe5 c5 21. Nd3 Bc4
22. e5 Bxd3 23. Bxd3 Re8 24. exf6 1-0

[Event "Summer Cup"]
[Site "Wellington Chess Club"]
[Date "2015.04.09"]
[Round "8"]
[White "Wight, Joshua"]
[Black "Rossiter, Philip"]
[Result "0-1"]
[WhiteElo "1328"]
[BlackElo "1935"]

1. e4 Nf6 2. Nc3 d5 3. exd5 e6 4. dxe6 Bxe6 5. Be2 Bb4 6. Nf3 Nc6 7. O-O Qd7 8.
Bb5 O-O 9. Ne2 Bg4 10. Bxc6 Qxc6 11. Ne5 Qe6 12. Nxg4 Qxg4 13. c3 Bd6 14. Ng3
Qg6 15. Qf3 c6 16. Qf5 Bxg3 17. Qxg6 Bxh2+ 18. Kxh2 hxg6 19. Re1 Rfe8 20. Rh1
Ng4+ 21. Kg3 f5 22. d4 Re2 23. f3 Nf6 24. Rb1 Kf7 25. Bg5 Nh5+ 26. Kh3 Rh8 27.
Rhe1 Nf6+ 28. Kg3 f4+ 29. Kxf4 Nh5+ 30. Kg4 Rxg2+ 31. Kh3 Nf4# 0-1

[Event "Summer Cup"]
[Site "Wellington Chess Club"]
[Date "2015.04.13"]
[Round "8"]
[White "Coghini, Phillip"]
[Black "Farrington, Lawrence"]
[Result "1-0"]
[WhiteElo "1747"]
[BlackElo "1837"]

1. d4 d5 2. c4 Nc6 3. Nc3 dxc4 4. e3 e5 5. d5 Na5 6. Qa4+ c6 7. dxc6 Nxc6 8.
Bxc4 Nf6 9. Bd2 Bb4 10. f3 Qe7 11. Nge2 O-O 12. a3 Bd6 13. Ng3 a6 14. Bd3 Be6
15. O-O Rac8 16. Rac1 h6 17. Rc2 Qd8 18. Bf5 Qd7 19. Nce4 Nxe4 20. fxe4 Qe7 21.
Rf3 Rc7 22. Bc3 f6 23. Bxe6+ Qxe6 24. Nf5 Rd7 25. Rg3 Kh7 26. Rf2 Rfd8 27. Rd2
Bf8 28. Qd1 Rxd2 29. Bxd2 Qd7 30. Qh5 g5 31. Bc3 Qd1+ 32. Qxd1 Rxd1+ 33. Kf2 h5
34. h3 Na7 35. Ke2 Rd7 36. Bxe5 fxe5 37. Rxg5 Nc6 38. Rxh5+ Kg6 39. Rh8 Kf7 40.
g4 Kg6 41. Rxf8 Rf7 42. Rxf7 Kxf7 43. Nd6+ 1-0

[Event "Summer Cup"]
[Site "Wellington Chess Club"]
[Date "2015.04.13"]
[Round "8"]
[White "Sole, Christopher"]
[Black "Cunningham, Patrick"]
[Result "0-1"]
[WhiteElo "1120"]
[BlackElo "1700"]

1. e4 e5 2. Nf3 Nc6 3. Bc4 Nf6 4. d3 Be7 5. O-O O-O 6. c3 d5 7. exd5 Nxd5 8.
Re1 Bg4 9. Nbd2 a6 10. Ne4 b5 11. Bb3 Qd7 12. Ng3 Rad8 13. Bxd5 Qxd5 14. Re3
Bg5 15. Re1 Bxc1 16. Qxc1 Bxf3 17. gxf3 Qxf3 18. Qd1 Rxd3 19. Qxf3 Rxf3 20. Kg2
Rd3 21. Ne4 Rfd8 22. Nc5 Rd2 23. Nxa6 Rxb2 24. Nxc7 Rdd2 25. Rf1 b4 26. cxb4
Nxb4 27. a4 g6 28. a5 Ra2 29. a6 Nd3 30. Rxa2 Nf4+ 31. Kf3 Rxa2 32. Rb1 f5 33.
Rb7 Ra3+ 0-1

[Event "Autumn Cup"]
[Site "Wellington Chess Club"]
[Date "2015.05.07"]
[Round "1"]
[White "Dive, Russell"]
[Black "Croad, Nicolas"]
[Result "0-1"]
[WhiteElo "2454"]
[BlackElo "2371"]

1. Nf3 Nf6 2. c4 e6 3. g3 d5 4. Bg2 Be7 5. O-O O-O 6. d4 c6 7. Nbd2 Nbd7 8. Qc2
b6 9. e4 Ba6 10. Re1 Rc8 11. Qa4 Bxc4 12. Nxc4 b5 13. Qxa7 bxc4 14. e5 Ne4 15.
Nd2 Ra8 16. Qb7 Nec5 17. dxc5 Nxc5 18. Qxc6 Rc8 19. Qxc8 Qxc8 20. Bf1 Qa8 21.
Re3 Rb8 22. Ra3 Na6 23. Ra4 Rb4 24. Ra5 Rb6 25. b3 Bb4 26. Ra4 Qc8 27. bxc4 Nc5
28. Ra7 Qb8 29. Ra3 d4 30. f4 h6 31. Bg2 Bxa3 32. Bxa3 Qc7 33. Nf3 Ra6 34. Bb2
d3 35. Bd4 g6 36. Nd2 Qa5 37. Be3 Qc3 38. Rd1 Rxa2 39. Bf3 Nb3 40. Nxb3 Qxb3
41. c5 Qc2 42. Rd2 Qc1+ 0-1

[Event "Autumn Cup"]
[Site "Wellington Chess Club"]
[Date "2015.05.07"]
[Round "1"]
[White "Farrington, Lawrence"]
[Black "Stracy, Don"]
[Result "*"]
[WhiteElo "1840"]
[BlackElo "1801"]

1. e4 c5 2. c3 Nf6 3. e5 Nd5 4. d4 cxd4 5. Nf3 Nc6 6. Bc4 Nb6 7. Bb3 d5 8. exd6
Qxd6 9. O-O Be6 10. Bxe6 Qxe6 11. Nxd4 Nxd4 12. cxd4 Qd7 13. Nc3 e6 14. Be3 Be7
15. Qb3 O-O 16. Rfd1 Rfd8 17. Rd2 Nd5 18. Nxd5 Qxd5 19. Qd1 Rac8 20. a3 a6 21.
Rc1 Rxc1 22. Qxc1 h6 23. h3 Qd7 24. Rc2 Bd6 25. Kh1 Kh7 { 1/2 1/2} *

[Event "Autumn Cup"]
[Site "Wellington Chess Club"]
[Date "2015.05.07"]
[Round "1"]
[White "Forster, Bill"]
[Black "Aldridge, Alan"]
[Result "1-0"]
[WhiteElo "2098"]
[BlackElo "1908"]

1. d4 Nf6 2. Nc3 d5 3. Bg5 Ne4 4. Nxe4 dxe4 5. f3 exf3 6. Nxf3 g6 7. Qd2 Qd5 8.
c4 Qxc4 9. e4 Qa4 10. b3 Qa3 11. Bc4 e6 12. O-O Qb4 13. Qf4 Bd6 14. Qf6 Rf8 15.
Qd8# 1-0

[Event "Autumn Cup"]
[Site "Wellington Chess Club"]
[Date "2015.05.07"]
[Round "1"]
[White "Jackson, Ross"]
[Black "Rossiter, Philip"]
[Result "*"]
[WhiteElo "1903"]
[BlackElo "1908"]

1. d4 e6 2. Nf3 f5 3. Nc3 Nf6 4. d5 d6 5. dxe6 Bxe6 6. Nd4 Bd7 7. Qd3 g6 8. Bg5
Be7 9. O-O-O Nc6 10. h4 Ne5 11. Qg3 c6 12. Bxf6 Bxf6 13. e4 fxe4 14. Nxe4 d5
15. Nxf6+ Qxf6 16. Re1 O-O-O 17. Qxe5 Qxf2 18. Re2 Qf8 19. Ne6 Bxe6 20. Qxe6+
Kb8 21. Qe5+ Ka8 22. Re1 a6 23. Bd3 Qb4 24. a3 Qb6 25. Rhf1 c5 26. Rf6 Qa5 27.
Re6 Rhf8 28. c3 Qa4 29. Qc7 c4 30. Bc2 Qd7 31. Qxd7 Rxd7 32. Re8+ Rxe8 33.
Rxe8+ Ka7 34. Re5 Kb6 35. Bd1 d4 36. cxd4 Rxd4 37. h5 Rd6 38. Bg4 gxh5 39. Rxh5
h6 40. Re5 Kc7 41. Rc5+ { 1-0} *

[Event "Autumn Cup"]
[Site "Wellington Chess Club"]
[Date "2015.05.07"]
[Round "1"]
[White "Nijman, Brian"]
[Black "Nyberg, Michael"]
[Result "0-1"]
[WhiteElo "2172"]
[BlackElo "2098"]

1. d4 d5 2. Nc3 Nf6 3. Bg5 Nbd7 4. e3 g6 5. Be2 c6 6. a3 Bg7 7. h4 Nf8 8. h5
gxh5 9. Nh3 Bf5 10. Nf4 Bg6 11. Bxf6 Bxf6 12. Nxh5 Qd6 13. Qd2 Nd7 14. Na4 b5
15. Nc5 Nxc5 16. dxc5 Qxc5 17. Nxf6+ exf6 18. Rh4 Rc8 19. Rf4 Ke7 20. Qb4 Qxb4+
21. axb4 Rc7 22. Kd2 Rg8 23. g3 Ra8 24. Ra6 Rb8 25. c3 Rb6 26. Ra5 a6 27. Bf3
f5 28. Rd4 Rc8 29. Ra1 Kf6 30. Bg2 Rh8 31. Rf4 Ke5 32. Bf3 Ra8 33. Rh4 Rb7 34.
Bg2 Rba7 35. Ra5 Kd6 36. Bh3 Re8 37. Bg2 Rc8 38. Rd4 f6 39. Ke2 Re8 40. Bf3 Re5
41. b3 Re8 42. c4 Bf7 43. Ra1 bxc4 44. bxc4 Rb8 45. cxd5 cxd5 46. Rad1 Rb5 47.
Rh4 Be6 48. Rdd4 a5 49. bxa5 Rbxa5 50. Kf1 Rc7 51. Rd2 Rac5 52. Kg2 Ra7 53. Rf4
Rg7 54. Ra4 Rgc7 55. Ra8 Rc8 56. Ra7 R8c7 57. Rda2 Bc8 58. Rxc7 Rxc7 59. Bh5
Bb7 60. Rd2 Ke6 61. Bf3 Rc3 62. Kh3 Rc4 63. Rd4 Rc2 64. Rf4 Bc6 65. Kh4 Ke5 66.
Bg2 Be8 67. Kh3 Bh5 68. Bf1 Bg4+ 69. Kg2 Rc1 70. Bb5 Rc2 71. Rb4 Kd6 72. Bd3
Rd2 73. Ba6 Ra2 74. Rb6+ Ke7 75. Bd3 Ra7 76. Rb4 Kf7 77. Rf4 Ke6 78. Rb4 Ra3
79. Rb6+ Kf7 80. Bb1 Bh5 81. Bc2 Bg6 82. Bb3 Ra5 83. Rd6 f4 84. Rxd5 Be4+ 0-1

[Event "Autumn Cup"]
[Site "Wellington Chess Club"]
[Date "2015.05.18"]
[Round "?"]
[White "Stoeveken, Peter"]
[Black "Stone, Andrew"]
[Result "*"]
[WhiteElo "1959"]
[BlackElo "2048"]

1. d4 Nf6 2. Nf3 g6 3. Nbd2 Bg7 4. e4 d6 5. Bd3 O-O 6. c3 e5 7. Qc2 Nc6 8. d5
Ne7 9. h3 c6 10. c4 Nh5 11. Nb3 f5 12. Nh2 cxd5 13. cxd5 fxe4 14. Bxe4 Bf5 15.
Bxf5 gxf5 16. g4 fxg4 17. Nxg4 Nf4 18. Bxf4 Rxf4 19. Qd3 Rc8 20. Rg1 Qf8 21.
Ke2 h5 22. Ne3 e4 23. Qb5 Rxf2+ 24. Ke1 Qf3 25. Nf1 Kf8 26. Nd4 Bxd4 27. Rg3
Qf4 { 0-1} *

[Event "Autumn Cup"]
[Site "Wellington Chess Club"]
[Date "2015.05.21"]
[Round "3"]
[White "Croad, Nicolas"]
[Black "Nyberg, Michael"]
[Result "1-0"]
[WhiteElo "2371"]
[BlackElo "2172"]

1. d4 Nf6 2. c4 g6 3. Nc3 d5 4. cxd5 Nxd5 5. e4 Nxc3 6. bxc3 Bg7 7. Be3 c5 8.
Rc1 Qa5 9. Qd2 O-O 10. Nf3 Bg4 11. Be2 Nc6 12. d5 Rfd8 13. O-O Ne5 14. Nxe5
Bxe2 15. Nxf7 Bxf1 16. Nxd8 Rxd8 17. Kxf1 e6 18. c4 Qc7 19. Kg1 b6 20. f4 Qd7
21. Rd1 Qa4 22. Qe2 exd5 23. Rxd5 Re8 24. e5 Qb4 25. h3 Qb1+ 26. Rd1 Qb4 27.
Qd3 a5 28. Rb1 Qa4 29. Rxb6 Qxa2 30. Rb7 Qa1+ 31. Kh2 Qa4 32. Bxc5 Rc8 33. Qd5+
Kh8 34. Qf7 1-0

[Event "Club Championships"]
[Site "Wellington Chess Club"]
[Date "2015.09.24"]
[Round "1"]
[White "Forlong-Ford, Colwyn"]
[Black "Brockway, Andrew"]
[Result "1-0"]
[WhiteElo "1752"]
[BlackElo "1772"]

1. e4 c5 2. Bc4 g6 3. Nf3 Nc6 4. d3 Bg7 5. c3 Nf6 6. O-O O-O 7. Bf4 d6 8. h3
Na5 9. Nbd2 Bd7 10. Re1 e5 11. Bg5 Qc8 12. Nh4 Nh5 13. Qf3 Be6 14. g4 h6 15.
Be7 Re8 16. Bxd6 Nf4 17. Bb5 Bd7 (17... Rd8 18. Be7 a6 19. Bxd8 Qxd8 20. Bc4)
18. Bxd7 Qxd7 19. Bxc5 Nxd3 20. Be3 Nxe1 (20... Nxb2 21. Rab1 Nac4 22. Nxc4
Nxc4) 21. Rxe1 Rac8 22. Rd1 Qe7 23. Qg3 b6 24. Nhf3 Nc4 25. Nxc4 Rxc4 26. Nd2
Rc7 27. f3 Rd7 28. Qe1 Red8 29. Kf1 Kh7 (29... Bf6 30. Bxh6 Bg5 31. Bxg5 Qxg5)
(29... Qe6 30. Ra1 h5) 30. Rc1 Qe6 31. b3 Qf6 32. Kg2 Rc8 33. Nb1 Qd8 34. c4
Bf6 35. Nc3 Bg5 36. Nd5 Kg7 37. Qc3 Bf6 (37... Bxe3 38. Qxe5+ (38. Qxe3) 38...
f6) 38. a4 Rd6 39. Qd2 Bg5 40. Bxg5 Qxg5 41. Qxg5 hxg5 42. Kf2 f5 (42... f6)
43. gxf5 gxf5 44. exf5 Rf8 (44... Rxd5) 45. f6+ Kf7 46. Rg1 Rg8 47. Ke3 Ke6 48.
h4 Rxd5 49. cxd5+ Kxf6 50. Ke4 Re8 51. hxg5+ Kg6 52. d6 Kf7 53. Kd5 Rc8 54. g6+
Kg7 55. d7 Rc2 56. Ke6 Rd2 57. Ke7 1-0

[Event "Club Championships"]
[Site "Wellington Chess Club"]
[Date "2015.09.24"]
[Round "1"]
[White "Sellen, Ian"]
[Black "Dive, Russell"]
[Result "0-1"]
[WhiteElo "2077"]
[BlackElo "2435"]

1. c4 e5 2. Nc3 Nc6 3. Nf3 g6 4. g3 Bg7 5. Bg2 f5 6. d3 d6 7. O-O Nf6 8. e3 O-O
9. Rb1 a5 10. a3 h6 11. Qc2 g5 12. b4 axb4 13. axb4 Be6 14. Ne2 Qe8 15. d4 e4
16. Nd2 d5 17. b5 Ne7 18. f3 Qh5 19. cxd5 Nexd5 20. Nc4 exf3 21. Bxf3 Ng4 22.
Bxg4 Qxg4 23. Ne5 Qe4 24. Rb2 Bxe5 25. Qxe4 fxe4 26. dxe5 Rxf1+ 27. Kxf1 Ra1
28. Kf2 Bg4 29. Rd2 Nb4 30. Bb2 Rh1 0-1

[Event "Club Championships"]
[Site "Wellington Chess Club"]
[Date "2015.09.24"]
[Round "1"]
[White "Timergazi, Layla"]
[Black "Forster, Bill"]
[Result "0-1"]
[WhiteElo "2180"]
[BlackElo "2088"]

1. e4 e5 2. Nf3 Nc6 3. Bc4 Bc5 4. c3 Nf6 5. d3 d6 6. h3 Ne7 7. Nbd2 Ng6 8. Nf1
c6 9. Bb3 O-O 10. Ng3 a5 11. Bg5 h6 12. Bd2 b5 13. Nf1 d5 14. Qe2 Re8 15. O-O-O
a4 16. Bc2 Be6 17. g4 Qb6 18. Rh2 dxe4 19. dxe4 Bxa2 20. Ng3 Bc4 21. Qe1 Reb8
22. Nf5 Qa5 23. g5 hxg5 24. Bxg5 b4 25. Bd2 b3 26. Bb1 a3 0-1

[Event "Club Championships"]
[Site "Wellington Chess Club"]
[Date "2015.09.24"]
[Round "3"]
[White "Kulkarni, Yogesh"]
[Black "Cunningham, Patrick"]
[Result "1-0"]
[WhiteElo "1430"]
[BlackElo "1657"]

1. c4 Nf6 2. Nc3 e6 3. Nf3 d5 4. cxd5 exd5 5. g3 Be7 6. Bg2 O-O 7. d4 c6 8. Qb3
Nbd7 9. O-O Re8 10. Bg5 h6 11. Bf4 b5 12. Ne5 Bb7 13. Rac1 Qb6 14. Rfd1 Rad8
15. Nxd7 Rxd7 16. a3 Rdd8 17. h4 Bd6 18. Bd2 Bxg3 19. fxg3 Qxd4+ 20. Kh1 Ng4
21. Be1 Nf2+ 22. Bxf2 Qxf2 23. Rd3 Re3 24. Ne4 dxe4 25. Rxe3 Rd3 26. Rxd3 exd3
27. Qxd3 Qf6 28. Rf1 Qxb2 29. Qd8+ Kh7 30. Be4+ 1-0

[Event "Club Championships"]
[Site "Wellington Chess Club"]
[Date "2015.10.01"]
[Round "2"]
[White "Brockway, Andrew"]
[Black "Aldridge, Alan"]
[Result "0-1"]
[WhiteElo "1772"]
[BlackElo "1962"]

1. e4 e5 2. Nf3 Nc6 3. Bb5 a6 4. Bxc6 dxc6 5. O-O Bd6 6. d4 f6 7. dxe5 fxe5 8.
Nxe5 Qf6 9. Nf3 Ne7 10. e5 (10. Bg5 Qf7 11. e5 Bc5) 10... Bxe5 11. Bg5 Qd6 12.
Nxe5 (12. Bxe7 Qxd1 13. Rxd1 Bxb2 14. Bg5 h6 15. Rd8+ Kf7 16. Rxh8 hxg5 17.
Nxg5+ Ke7 18. c3 b6)  (12. Nc3 Bxc3 13. Qxd6 cxd6) 12... Qxe5 13. Bxe7 (13. Qd2
h6)  (13. h4 O-O 14. Re1 Qf5) 13... Qxe7 14. Re1 Be6 15. Qh5+ (15. Qe2) 15...
g6 16. Qe5 Kf7 17. Nc3 Rhd8 18. Re3 (18. Ne4 Rd5 19. Ng5+ (19. Qf4+ Rf5 20. Qh6
Kg8 21. g4 Qf8 22. Qxf8+ Rfxf8 23. g5 Rf4 24. Nf6+ Kf7) 19... Qxg5 20. Qxe6+
Kg7) 18... Qd6 19. Rae1 Qxe5 20. Rxe5 Re8 21. b3 (21. Ne4 h6 (21... Bxa2 22.
Rxe8 Rxe8 23. b3 Bb1 (23... c5 24. Ng5+ Kf8 25. Nxh7+ Kf7 26. Ng5+ Kf8 27. Kf1
c4 28. b4 c3) ) 22. Nc5 Bxa2 23. Rxe8 Rxe8 24. Rxe8 Kxe8 25. Nxb7 Ke7 26. f3
Bb1 27. c3)  (21. a3 Bf5) 21... Bf5 22. Rxe8 Rxe8 23. Rxe8 Kxe8 24. Na4 (24. g4
Bxg4 25. Ne4 Ke7 26. Nc5 Bc8) 24... Bxc2 25. Nc5 Bb1 26. a3 (26. Nxb7 Bxa2 27.
Nc5 Ke7 28. f4 Kd6 29. Ne4+ Ke6) 26... Bc2 27. b4 b6 28. Ne6 Bd3 29. Nxc7+ Kd7
30. Na8 b5 31. f4 (31. a4 a5 32. bxa5 b4 33. a6 Bxa6 34. a5 Kd6 35. Nb6 c5)
31... Kc8 32. Kf2 Kb7 33. Ke3 Bf5 34. h3 h5 35. Kf3 Kxa8 36. g4 hxg4+ 37. hxg4
Bc2 38. Kg3 Kb7 39. Kh4 c5 40. bxc5 Kc6 41. Kg5 Kxc5 42. f5 gxf5 43. gxf5 b4
44. f6 Bb3 45. axb4+ Kxb4 0-1

[Event "Club Championships"]
[Site "Wellington Chess Club"]
[Date "2015.10.01"]
[Round "2"]
[White "Cunningham, Patrick"]
[Black "Lamerton, Troy"]
[Result "1-0"]
[WhiteElo "1657"]
[BlackElo "1659"]

1. d4 Nf6 2. Nf3 d5 3. c4 c6 4. cxd5 cxd5 5. Nc3 Bf5 6. e3 e6 7. Bb5+ Nbd7 8.
O-O a6 9. Ba4 h5 10. Re1 Bd6 11. Ne5 b5 12. Nxd7 bxa4 13. Nxf6+ Qxf6 14. Qxa4+
Ke7 15. e4 dxe4 16. Nxe4 Bxe4 17. Rxe4 Qf5 18. Re1 Rhb8 19. Qc6 Ra7 20. Be3
Rxb2 21. d5 Rc7 22. Qxa6 Qe5 23. g3 Bb4 24. Red1 exd5 25. Bd4 Qe2 26. Qxe2+
Rxe2 27. Bxg7 Ke6 28. Bd4 Rc4 29. a3 Bd2 30. Kf1 Re4 31. Rxd2 Rcxd4 32. Rxd4
Rxd4 33. a4 Rb4 34. Ke2 Ke5 35. a5 Rb7 36. a6 Ra7 37. Kd3 f5 38. f4+ Ke6 39.
Kd4 Kd6 40. Ra5 Ke6 41. h3 Kd6 42. Rxd5+ Ke6 43. Ra5 Rd7+ 44. Kc4 Rc7+ 45. Kb5
Ra7 46. Kb6 Rd7 47. a7 Rd6+ 48. Kc5 Rd5+ 49. Kb4 Rd7 50. a8=Q h4 51. Re5+ Kf7
52. Qe8+ Kf6 53. Qe6+ Kg7 54. Qxd7+ Kg6 55. Qxf5+ Kg7 56. Re7+ Kg8 57. Qf7+ 1-0

[Event "Club Championships"]
[Site "Wellington Chess Club"]
[Date "2015.10.08"]
[Round "3"]
[White "Forlong-Ford, Colwyn"]
[Black "Farrington, Lawrence"]
[Result "1-0"]
[WhiteElo "1752"]
[BlackElo "1829"]

1. e4 e6 2. d4 d5 3. e5 c5 4. c3 Nc6 5. Bb5 Qb6 6. Bxc6+ bxc6 7. Nf3 Ba6 8.
Nbd2 cxd4 9. Nxd4 Bc5 10. N2b3 Bf8 11. Be3 c5 12. Ne2 Nh6 13. Bxh6 gxh6 14. Qd2
Bg7 15. f4 Rc8 16. Ng3 Qc7 17. Qe3 Qe7 18. h4 O-O 19. Nh5 f5 20. Rh3 Kh8 21.
O-O-O Rg8 22. Nf6 Bxf6 23. exf6 Qxf6 24. Nxc5 Rc6 25. Nd7 Qg7 26. Ne5 Rc7 27.
Qd4 Be2 28. Rg3 Bg4 29. Re1 Rgc8 30. Kb1 Rb8 31. Nxg4 Qxd4 32. cxd4 fxg4 33.
Rxe6 Rc4 34. Rd3 Rb6 35. Re7 a6 36. Rd7 Rcb4 37. b3 R4b5 38. Re3 Rb8 39. Re5 a5
40. Rexd5 Rxd5 41. Rxd5 a4 42. Kb2 axb3 43. axb3 Kg7 44. Re5 Kf6 45. d5 Rb4 46.
g3 Rd4 47. Kc3 Rd1 48. Kc4 Rc1+ 49. Kb5 Rc3 50. b4 Rxg3 51. d6 Rd3 52. Kc5 g3
53. Re2 Kf5 54. Rc2 Kxf4 55. b5 Kf3 56. b6 g2 57. Rc1 Kf2 58. b7 Rb3 59. d7
Rxb7 60. d8=Q g1=Q 61. Qd4+ 1-0

[Event "Club Championships"]
[Site "Wellington Chess Club"]
[Date "2015.10.08"]
[Round "3"]
[White "Jackson, Ross"]
[Black "Brockway, Andrew"]
[Result "1-0"]
[WhiteElo "1981"]
[BlackElo "1772"]

1. d4 Nf6 2. c4 e6 3. Nf3 Bb4+ 4. Nc3 b6 5. Bg5 Bb7 6. Rc1 Be7 7. Qc2 d6 8. e4
Nfd7 9. Be3 e5 10. Be2 O-O 11. O-O Nc6 12. d5 Ncb8 13. b4 a5 14. a3 Nf6 15. Nd2
Bc8 16. h3 Ne8 17. f4 exf4 18. Bxf4 Bg5 19. Bh2 Nd7 20. Rb1 Bf6 21. Nf3 Qe7 22.
Nb5 Ne5 23. Nfd4 Bd7 24. Rbd1 axb4 25. axb4 Qd8 26. c5 bxc5 27. bxc5 Qc8 28. c6
Bxh3 29. gxh3 Qxh3 30. Qb3 Qh4 31. Rf4 Qh6 32. Nf5 Qg6+ 33. Kf2 h6 (33... Kh8
34. Rg1 Bg5)  (33... Bg5 34. Rg1 Qf6) 34. Rg1 Qh7 35. Kg2 Bg5 36. Rf2 Nf6 37.
Qc2 Ra5 38. Bxe5 dxe5 39. Kh1 Ne8 40. Rh2 Qg6 41. Ne7+ Bxe7 42. Rxg6 fxg6 43.
Qc3 Ra2 44. Qxe5 Bf6 45. Qe6+ Kh7 46. Rg2 Bg5 47. e5 Ra1+ 48. Rg1 Ra4 49. d6
Rf2 50. Bc4 1-0

[Event "Club Championships"]
[Site "Wellington Chess Club"]
[Date "2015.10.08"]
[Round "3"]
[White "Ker, Anthony"]
[Black "Forster, Bill"]
[Result "1-0"]
[WhiteElo "2435"]
[BlackElo "2088"]

1. e4 e5 2. Nf3 Nc6 3. d4 exd4 4. Nxd4 Nf6 5. Nxc6 bxc6 6. e5 Qe7 7. Qe2 Nd5 8.
c4 Nb6 9. Nc3 Bb7 10. Bf4 Qe6 11. a3 Be7 12. Qe4 d5 13. exd6 cxd6 14. c5 dxc5
15. Qxe6 fxe6 16. Ne4 O-O-O 17. Be5 Rhf8 18. Bxg7 Rf5 19. g3 c4 20. Bg2 c5 21.
O-O Rfd5 22. Bh3 Kd7 23. Rfe1 Rd3 24. Nc3 Bc8 25. Bxe6+ Kc6 26. a4 Bf8 27. Bxf8
Rxf8 28. a5 Bxe6 29. axb6 Bc8 30. bxa7 Bb7 31. Re6+ Kd7 32. Rae1 Ba8 33. Na4
Rd2 34. Nxc5+ Kd8 35. Ne4 Rxb2 36. Nf6 c3 37. Re8+ Rxe8 38. Rxe8+ Kc7 39. Rxa8
c2 40. Rc8+ Kxc8 41. a8=Q+ Kc7 42. Qa5+ Kb7 43. Qd5+ Ka6 44. Qa8+ 1-0

[Event "Club Championships"]
[Site "Wellington Chess Club"]
[Date "2015.10.08"]
[Round "3"]
[White "Timergazi, Layla"]
[Black "Croad, Nicolas"]
[Result "0-1"]
[WhiteElo "2180"]
[BlackElo "2420"]

1. d4 Nf6 2. c4 e6 3. Nc3 Bb4 4. e3 O-O 5. Ne2 c6 6. Qc2 d5 7. a3 Bd6 8. Ng3
Re8 9. Bd3 e5 10. dxe5 Bxe5 11. O-O h6 12. cxd5 cxd5 13. Rd1 Nc6 14. Bc4 Bg4
15. f3 Be6 16. Kf1 Rc8 17. f4 Bxc3 18. bxc3 Ng4 19. h3 Qh4 20. hxg4 Qxg3 21.
Bxd5 Bxg4 22. Re1 Nd4 23. Qa4 Nf5 24. Bxb7 Rcd8 25. Qxa7 Nd6 26. Bc6 Re6 27.
Bd5 Nb5 28. Qa5 Rxd5 29. Qa8+ Kh7 30. Qxd5 Nxc3 31. Qd3+ Ne4 32. Ra2 Qh2 0-1

[Event "Club Championships"]
[Site "Wellington Chess Club"]
[Date "2015.10.15"]
[Round "4"]
[White "Cunningham, Patrick"]
[Black "Theodosiou, Andreas"]
[Result "1-0"]
[WhiteElo "1657"]
[BlackElo "1386"]

1. d4 d5 2. Nf3 e6 3. c4 Nf6 4. e3 Bb4+ 5. Nc3 O-O 6. a3 Bxc3+ 7. bxc3 Ne4 8.
Qc2 Nd7 9. Bd3 Ndf6 10. O-O c6 11. a4 b6 12. Nd2 Nxd2 13. Bxd2 Qd6 14. e4 e5
15. cxd5 cxd5 16. Rfe1 Bb7 17. dxe5 Qxe5 18. exd5 Qxd5 19. Bf1 Rfe8 20. Be3 Ng4
21. Rad1 Qe5 22. g3 Qh5 23. h3 Rad8 24. Rxd8 Rxd8 25. Bg2 Nxe3 26. fxe3 Bc8 27.
g4 Qh4 28. Rd1 Re8 29. Qf2 Qg5 30. Qf4 Qa5 31. Qd4 Qg5 32. Bc6 Rf8 33. c4 h5
34. Bf3 hxg4 35. hxg4 f5 36. Qd5+ Kh8 37. Kf1 Qxe3 38. Re1 Qf4 39. Kg2 fxg4 40.
Rh1+ 1-0

[Event "Club Championships"]
[Site "Wellington Chess Club"]
[Date "2015.10.15"]
[Round "4"]
[White "Timergazi, Layla"]
[Black "Sellen, Ian"]
[Result "1/2-1/2"]
[WhiteElo "2180"]
[BlackElo "2077"]

1. e4 c5 2. Nc3 e6 3. f4 Nc6 4. Nf3 d5 5. Bb5 a6 6. Bxc6+ bxc6 7. O-O Ne7 8. b3
Qc7 9. g3 Ng6 10. Ba3 Be7 11. e5 c4 12. Bxe7 Qxe7 13. Qe2 cxb3 14. axb3 O-O 15.
d4 c5 16. Nb5 cxd4 17. Nd6 Qa7 18. Qf2 Bd7 19. Nxd4 Ne7 20. Ra5 Qb6 21. Rfa1 f6
22. Nf3 Qc6 23. Qe2 fxe5 24. fxe5 Qc3 25. Kg2 Bc6 26. Rxa6 Rxa6 27. Rxa6 d4 28.
Ne4 Qe3 29. Qxe3 dxe3 30. Neg5 h6 31. Rxc6 Nxc6 32. Nxe6 Rc8 33. Ned4 Nb4 34.
c4 Ra8 35. Ne1 Ra1 36. Nef3 Ra2+ 37. Kf1 Rf2+ 38. Ke1 Nc2+ 39. Nxc2 Rxc2 40. h3
Kf7 41. Kd1 Rb2 42. g4 Ke6 43. Kc1 Rf2 44. Ne1 Kxe5 45. b4 Kd4 46. c5 Kc3 47.
c6 Kxb4 48. Nc2+ Kc5 49. c7 Rf1+ 50. Kb2 Rf8 51. Nxe3 Kc6 52. Nf5 Kxc7 53. Nxg7
Rf2+ 54. Kc3 Rf3+ 55. Kd4 Rxh3 56. Ke5 Kd7 57. Nf5 Ke8 58. Kf6 Rh1 1/2-1/2

[Event "Club Championships"]
[Site "Wellington Chess Club"]
[Date "2015.10.17"]
[Round "4"]
[White "Forster, Bill"]
[Black "Nyberg, Michael"]
[Result "1-0"]
[WhiteElo "2088"]
[BlackElo "2122"]

1. Nf3 c5 2. c4 Nf6 3. d4 cxd4 4. Nxd4 e6 5. g3 Nc6 6. Bg2 a6 7. O-O Qc7 8. Nc3
Bb4 9. Nxc6 bxc6 10. Qc2 O-O 11. a3 Be7 12. b4 Rb8 13. Rb1 d5 14. Na4 a5 15.
Nc5 axb4 16. axb4 Bxc5 17. bxc5 Rxb1 18. Qxb1 Ba6 19. Qb6 Qc8 20. Bf4 Nd7 21.
Qb2 Bxc4 22. Bd6 Re8 23. Ra1 Qd8 24. Ra7 Bb5 25. e3 h6 26. Bf1 Bxf1 27. Kxf1
Qf6 28. Qb7 Rd8 29. Qxc6 Ne5 30. Bxe5 Qxe5 31. Qb7 Qf5 (31... d4 32. Qxf7+ Kh8
33. f4 $1 Qf6 34. Qxf6 gxf6 35. exd4 Rxd4 36. c6 Rc4 (36... Rd8 37. c7) 37. c7)
32. c6 Qd3+ 33. Kg1 Rf8 34. c7 Qd1+ 35. Kg2 Qc2 36. Ra8 Qe4+ 37. Kg1 Rxa8 38.
Qxa8+ Kh7 39. Qb7 1-0

[Event "Club Championships"]
[Site "Wellington Chess Club"]
[Date "2015.10.22"]
[Round "5"]
[White "Asplet, Mike"]
[Black "Cunningham, Patrick"]
[Result "0-1"]
[WhiteElo "1536"]
[BlackElo "1657"]

1. e4 e5 2. Nf3 Nc6 3. Bb5 Nge7 4. O-O a6 5. Ba4 b5 6. Bb3 Ng6 7. d3 Be7 8. Be3
O-O 9. d4 exd4 10. Nxd4 Bb7 11. Nc3 b4 12. Nd5 Nxd4 13. Qxd4 Re8 14. Nxe7+ Qxe7
15. Qc4 Qxe4 16. Qxe4 Rxe4 17. Rad1 d6 18. Bd2 Rae8 19. f3 Rd4 20. Bg5 Rxd1 21.
Rxd1 h6 22. Ba4 Re2 23. Bd8 Nf4 24. Kf1 Rxg2 25. Re1 Bxf3 26. Bh4 Be2+ 0-1